Los colosos de Cartago : (Record no. 118944)

MARC details
000 -LEADER
campo de control de longitud fija 00609nam a2200205 4500
001 - NÚMERO DE CONTROL
campo de control 118944
003 - IDENTIFICADOR DE NÚMERO DE CONTROL
campo de control ES-MaACL
005 - FECHA Y HORA DE LA ÚLTIMA TRANSACCIÓN
campo de control 20250728063128.0
007 - CAMPO FIJO DE DESCRIPCIÓN FÍSICA--INFORMACIÓN GENERAL
campo de control de longitud fija t|
008 - DATOS DE LONGITUD FIJA--INFORMACIÓN GENERAL
campo de control de longitud fija 070214s1970 sp r ||||1| spa d
080 ## - NÚMERO DE LA CLASIFICACIÓN DECIMAL UNIVERSAL
Número de la Clasificación Decimal Universal 84-311.6"19"
100 1# - ENTRADA PRINCIPAL--NOMBRE DE PERSONA
Nombre de persona Peyramaure, Michel,
Fechas asociadas al nombre 1922-2023
9 (RLIN) 91594
245 14 - MENCIÓN DEL TÍTULO
Título Los colosos de Cartago :
Resto del título novela /
Mención de responsabilidad, etc. Michel Peyramaure.
260 ## - PUBLICACIÓN, DISTRIBUCIÓN, ETC.
Lugar de publicación, distribución, etc. Bilbao :
Nombre del editor, distribuidor, etc. Mensajero,
Fecha de publicación, distribución, etc. 1970.
300 ## - DESCRIPCIÓN FÍSICA
Extensión 219 p., 1 mapa ;
Dimensiones 21 cm.
490 1# - MENCIÓN DE SERIE
Mención de serie Historia y aventuras ;
Designación de volumen o secuencia 29
830 10 - PUNTO DE ACCESO ADICIONAL DE SERIE-TÍTULO UNIFORME
Título uniforme Historia y aventuras
Designación de volumen o secuencia 29
9 (RLIN) 186948
852 ## - LOCALIZACIÓN
Ubicación ES-MaACL
Número de control de estantería C-38988
Holdings
Estatus retirado Estado de pérdida Estado de daño No para préstamo Biblioteca de origen Biblioteca actual Ubicación en estantería Fecha de adquisición Fuente de adquisición Total de préstamos Signatura topográfica completa Código de barras Visto por última vez Precio de reemplazo Tipo de ítem Koha
        Biblioteca del Ateneo de Madrid Biblioteca del Ateneo de Madrid Depósito 2 17/01/2008     C-38988 1123998 23/02/2023 23/02/2023 Libro impreso